Indian books in print 1973 (Record no. 505269)

MARC details
000 -LEADER
fixed length control field 00690nam a2200217Ia 4500
003 - CONTROL NUMBER IDENTIFIER
control field OSt
005 - DATE AND TIME OF LATEST TRANSACTION
control field 20220925183551.0
008 - FIXED-LENGTH DATA ELEMENTS--GENERAL INFORMATION
fixed length control field 220923b |||||||| |||| 00| 0 eng d
037 ## - SOURCE OF ACQUISITION
Terms of availability General Book
040 ## - CATALOGING SOURCE
Original cataloging agency RTL
Transcribing agency RTL
Language of cataloging eng
041 ## - LANGUAGE CODE
Source of code eng
Language code of text/sound track or separate title eng
100 ## - MAIN ENTRY--PERSONAL NAME
Personal name Singh Sher Ed.
9 (RLIN) 258833
245 #0 - TITLE STATEMENT
Title Indian books in print 1973
Remainder of title Abibliography of indian books published upto Dec 1972 in english language .
260 ## - PUBLICATION, DISTRIBUTION, ETC.
Place of publication, distribution, etc. Delhi
Name of publisher, distributor, etc. Indian bureau of bibliographies
Date of publication, distribution, etc. 1973
300 ## - PHYSICAL DESCRIPTION
Extent 616p
Dimensions cm.
942 ## - ADDED ENTRY ELEMENTS (KOHA)
Classification part a14,3m2.N73, L3.1
Koha item type General Books
Source of classification or shelving scheme Colon Classification (CC)
Holdings
Withdrawn status Lost status Damaged status Not for loan Home library Current library Date acquired Total Checkouts Full call number Barcode Date last seen Price effective from Koha item type
        Ratan Tata Library Ratan Tata Library 2022-09-25   a14,3m2.N73 L3.1 RT00R76584 2022-09-25 2022-09-25 General Books
Copyright @ Delhi University Library System